|
|
|
|
| LEADER |
00000nab a2200000 a 4500 |
| 001 |
vtls011427827 |
| 003 |
SK-MaSNL |
| 005 |
20260303210806.0 |
| 008 |
171108c20151121xo drz 0 0slo |
| 038 |
|
|
|a KEVKJB
|
| 040 |
|
|
|a KEVKJB
|b slo
|c KEVKJB
|e AACR2
|
| 041 |
0 |
|
|a slo
|
| 044 |
|
|
|a xo
|c SK
|
| 080 |
|
|
|a 614.2
|2 2001
|
| 245 |
0 |
0 |
|a Univerzitná nemocnica obnovuje priestory
|c [autor] (tasr)
|
| 610 |
2 |
7 |
|a Univerzitná nemocnica L. Pasteura Košice
|2 kevkjb
|9 155401
|
| 650 |
0 |
7 |
|a rekonštrukcie
|2 kevkjb
|9 24616
|
| 651 |
|
7 |
|a nemocnice
|z Košice (Slovensko)
|2 kevkjb
|9 1039177
|
| 651 |
|
7 |
|a Košice (Slovensko)
|2 kevkjb
|9 18694
|
| 773 |
0 |
|
|t Korzár : denník Košického kraja
|g Roč. XVIII., č. 269 (21.11.2015) s. 3
|x 1338-659X
|
| 852 |
|
|
|a KEVKJB
|b KIS3GCP
|
| 856 |
4 |
1 |
|u http://kosice.korzar.sme.sk/c/8077019/univerzitna-nemocnica-v-kosiciach-rekonstruuje-priestory.html
|
| 999 |
|
|
|c 2201751
|d 2203681
|